[Event "POL-ch 68th"]
[Site "Warsaw"]
[Date "2011.02.19"]
[Round "8"]
[White "Miton, Kamil"]
[Black "Wojtaszek, Radoslaw"]
[Result "0-1"]
[WhiteElo "2616"]
[BlackElo "2726"]
[Annotator "CB"]
[PlyCount "64"]
[EventDate "2011.02.12"]
[EventType "swiss"]
[EventRounds "9"]
[EventCountry "POL"]
[SourceTitle "CBM 140 Extra"]
[Source "ChessBase"]
[SourceDate "2011.03.01"]
[SourceVersion "1"]
[SourceVersionDate "2011.03.01"]
[SourceQuality "1"]

1. d4 d5 2. c4 c6 3. Nc3 Nf6 4. Nf3 e6 5. Bg5 {I did not expect this. Kamil
usually plays 5.e3.} h6 6. Bh4 dxc4 7. e4 g5 8. Bg3 b5 9. Be2 Bb7 10. O-O Nbd7
11. Ne5 Bg7 12. Nxd7 Nxd7 13. Bd6 a6 14. Re1 {We reached a sharp Moscow
Variation position. My specific knowledge about the 14.Re1 line was limited to
the fact that Viswanathan Anand played 14...Bf8 with Radjabov (Wijk aan Zee,
2008) and got a good game, though eventually lost.} Bf8 15. Bg3 Bg7 16. e5 ({
He could have repeated by} 16. Bd6 {with a silent draw offer and I do not know
what I would have done. Anyway, I was pleased to see the ambitious text move.})
16... O-O (16... c5 {was another option, but I preferred to hide my king first.
}) 17. Bf3 Qe7 18. Ne4 c5 $5 {#} ({I felt obliged to do this sharp move. After
the passive} 18... Rad8 {I was afraid of} 19. Nd6 Ba8 20. b3 {when I have
neither space, nor counter play and, besides, my queenside is going to be
destroyed. On the other hand, the text move leads to wild complications of an
unpredictable result.}) 19. Nxg5 $1 hxg5 20. Bxb7 Rab8 21. Be4 (21. Bxa6 $2 {
loses after} Rb6 {when the bishop is trapped.}) 21... cxd4 22. Qh5 $1 {#} ({
Black has no problems after} 22. Qxd4 Nc5 {when I probably stand better. The
text threatens 23.Qh7 mate, so I have to move the rook. But where to place it?
It is clear that White are going to attack through f2-f4 or h2-h4 and my king
may need to escape in the queenside direction. I assessed that}) 22... Rfd8 $5
{serves the purpose best. Indeed, I was aware that the White's Bg3 may soon
occupy the diagonal h4-d8 and I will have to sacrifice the exchange. However,
it was the least of my concerns.} 23. h4 (23. f4 {was also dangerous. While
calculating over the board I felt uneasy about the line} gxf4 24. Bxf4 Qc5 25.
Kh1 ({, but missed that White had much stronger} 25. Qh7+ Kf8 26. Bg6 $3 {
with a winning attack. Fortunately, I was not bound to resolve the problem
over the board, but I would have had to seek for something better than 24...
Qc5.})) 23... gxh4 24. Bxh4 Qc5 {#} 25. Bxd8 $6 ({A big relief! I was afraid of
} 25. Bh7+ Kf8 26. Qg5 $5 {. The point is that Black cannot play} Nxe5 $2 {
, because of} 27. Rxe5 $1 Qxe5 (27... Bxe5 28. Qg8#) 28. Qe7# {. On the other
hand, if Black does nothing, White unfolds an attack through Re1-e4, Ra1-e1
and Re4-g4.}) 25... Rxd8 26. Qh4 $1 ({White has to play f2-f4, but if he does
it at once} 26. f4 {, I can go} d3+ 27. Kh1 Qd4 {and} 28. Qh4 {is met by} Nc5
$1 {with a clear advantage. So he played a zwischenzug 26.Qh4 in order to
misplace my rook. However, at this moment, I already felt I stood better.})
26... Re8 27. f4 d3+ 28. Kh1 Qd4 {#The assessment of the position should
include the following factors: a) the black knight is ready to jump to c5,
where it will be very strong; b) white pawn b2 is hanging and c) Black are
just about to advance his pawns' phalanx. In overall, Black's advantage is
pretty obvious.} 29. Rad1 Nc5 {The knight protects me against Bxd3 ideas and
forces the bishop to leave the central outpost.} 30. Bh7+ {My opponent keeps
the bishop on the b1-h7 diagonal, where it looks at the black pawns and might
block them, if they were placed on c3 and d2.} Kf8 31. b3 c3 {#} 32. Qh3 {
Setting a last-ditch trap: if I play 32. ..c2? he might retort 33. Rxd3! Nxd3.
34.Qxd3 liquidating to the ending with opposite-colored bishops, which may be
drawish. But...} Rd8 $1 {I did not fall for it and my opponent resigned, since
my pawns are unstoppable, e.g. 33.Rf1 c2 34.Rd2 Qxf4! 35. Rxf4 c1Q+ and Qxd2.
Up to this game (of the 8th round) my play was of mixed quality, far from what
I had expected. Therefore, having defeated a strong GM after interesting fight,
increased my spirits highly.} 0-1

[Event "Tashkent FIDE GP"]
[Site "Tashkent"]
[Date "2014.11.02"]
[Round "11"]
[White "Andreikin, Dmitry"]
[Black "Giri, Anish"]
[Result "1/2-1/2"]
[WhiteElo "2722"]
[BlackElo "2768"]
[Annotator "CB"]
[PlyCount "62"]
[EventDate "2014.10.21"]
[EventType "tourn"]
[EventRounds "11"]
[EventCountry "UZB"]
[EventCategory "21"]
[SourceTitle "CBM 163"]
[Source "ChessBase"]
[SourceDate "2014.11.11"]
[SourceVersion "1"]
[SourceVersionDate "2014.11.11"]
[SourceQuality "1"]

1. d4 d5 2. Nf3 Nf6 3. c4 e6 4. Bg5 h6 5. Bxf6 (5. Bh4 Bb4+ 6. Nc3 g5 {doesn't
score well for White.}) 5... Qxf6 6. Nc3 c6 7. e3 g6 8. Bd3 Bg7 9. O-O O-O 10.
Ne5 dxc4 11. Nxc4 Qe7 12. Qb3 b6 (12... Rd8 13. Rad1 b6 14. f4 Bb7 15. Be4 Na6
16. a3 c5 17. d5 exd5 18. Bxd5 {held chances for both sides in Fedoseev-Negi,
Moscow 2012.}) 13. Be4 Bb7 14. Rfd1 Na6 15. a3 Rfd8 16. Rd2 c5 {Black has
achieved c5 and White is not ready for d5, so the game is equal.} 17. Rad1 (17.
d5 exd5 18. Bxd5 Bxc3 {is not good for White as d2 is hanging.}) 17... cxd4 18.
exd4 Bxe4 19. Nxe4 Nc7 20. Nc3 {Black could claim a very sligiht advantage as
he can work against the isolated pawn, but it is far from easy; c6 is weak and
d5 would always simplify into equality.} Rd7 21. Ne5 Bxe5 22. dxe5 Rxd2 23.
Rxd2 Qg5 24. Rd7 Qxe5 {Black has won a pawn but now his pieces lack
coordination. It seems as if Andreikin has just enough activity to make
Black's task very difficult.} 25. g3 Na6 $6 (25... Ne8 {retained chances to
untangle.}) 26. Qd1 Rf8 27. Rxa7 Nc5 28. Qf3 Qb8 29. Nb5 Qe5 30. Nc3 Qb8 31.
Nb5 Qe5 1/2-1/2

[Event "Morelia/Linares 23rd"]
[Site "Morelia/Linares"]
[Date "2006.03.03"]
[Round "8"]
[White "Ivanchuk, Vassily"]
[Black "Bacrot, Etienne"]
[Result "0-1"]
[WhiteElo "2729"]
[BlackElo "2717"]
[Annotator "CB"]
[PlyCount "78"]
[EventDate "2006.02.18"]
[EventType "tourn"]
[EventRounds "14"]
[EventCountry "ESP"]
[EventCategory "20"]
[SourceTitle "CBM 112"]
[Source "ChessBase"]
[SourceDate "2006.06.07"]
[SourceVersion "1"]
[SourceVersionDate "2006.06.07"]
[SourceQuality "1"]

1. d4 d5 2. c4 c6 3. Nf3 Nf6 4. Nc3 e6 5. Bg5 h6 6. Bxf6 Qxf6 7. g3 $5 ({
The popularity of the Moscow variation has decreased over the past years as a
result of the fact that Black has found reliable ways to reach a solid
position with possibilities of counterplay in the main variation startingwith} 
7. e3 Nd7 8. Rc1 g6 {With his last move, Ivanchuk intends to give the position
the character of a Catalan, which can lead to very interesting play,
especially in the case Black opens the long diagonal by capturing on c4.}) 7...
Nd7 8. Bg2 dxc4 9. O-O Be7 10. Qc2 $5 ({This seems to be a new move and it
certainly brings up a new approach. Usually, White tries to win back the
sacrificed pawn as soon as possible, but this generally allows Black to obtain
sufficient counterplay. One relatively recent game played at top level went} 
10. e3 O-O 11. Qe2 e5 12. Qxc4 Nb6 13. Qb3 Be6 14. dxe5 Qxf3 15. Bxf3 Bxb3 16.
axb3 Nd7 {with approximate equality, Kramnik-Vallejo, Linares 2003.}) 10... O-O
11. Rfd1 {#White's idea starts to cristalise. He develops in a natural way,
relying on the fact that Black's useful neutral moves have more or less come
to an end. With the queen isolated from the queen side, Black can hardly
consider playing b5, which can be strongly answered by a4 or even Nh4!?} e5 {
This central break is probably the only way to justify Black's slightly
unnatural way of development. However, WHite is perfectly prepared for it,
which speaks about Ivanchuk's power of anticipation.} 12. d5 $1 Nc5 13. Nd2 Bf5
14. Qc1 Rad8 15. dxc6 bxc6 16. Nxc4 Qe6 17. Ne3 Bg6 18. b4 Na6 19. Rxd8 Rxd8
20. a3 {White has obtained a more pleasant position, because of his better
pawn structure. Ivanchuk's accurate manoeuvring in the next phase of the game
will allow him to gradually amplify his minimal advantage.} Nc7 21. Na4 e4 22.
Nc5 Qe5 23. Nb7 Rd7 24. Na5 Bf6 25. Bh3 Ne6 26. Ra2 Rc7 27. Bxe6 Qxe6 28. Rc2
Bh5 29. Ng2 Bg5 30. Nf4 Qd6 31. Kg2 Qd7 32. h4 Bxf4 33. Qxf4 Rc8 34. Rd2 Qe6
35. Nb7 Re8 36. Nc5 Qc4 37. g4 Bg6 38. h5 Bh7 39. e3 a5 {#Just when having
obtained a dream position, Ivanchuk unexpectedely overstepped the time limit,
which suddenly deprived him of any chances to win (to quote Eduard Gufeld).
After 40.Qc7 (threatening Rd8 with mate) 40...Kh8 41.Qxa5 he would have won an
esential pawn, maintaining the positional superiority.} 0-1

[Event "Tata Steel-C 73rd"]
[Site "Wijk aan Zee"]
[Date "2011.01.23"]
[Round "8"]
[White "Sachdev, Tania"]
[Black "De Jong, Jan Willem"]
[Result "1-0"]
[WhiteElo "2391"]
[BlackElo "2437"]
[Annotator "CB"]
[PlyCount "91"]
[EventDate "2011.01.14"]
[EventType "tourn"]
[EventRounds "13"]
[EventCountry "NED"]
[EventCategory "11"]
[SourceTitle "CBM 141"]
[Source "ChessBase"]
[SourceDate "2011.03.17"]
[SourceVersion "1"]
[SourceVersionDate "2011.03.17"]
[SourceQuality "1"]

1. d4 Nf6 2. c4 e6 3. Nf3 d5 4. Nc3 dxc4 5. Qa4+ c6 6. Qxc4 b5 7. Qd3 Nbd7 8.
e4 b4 9. Na4 Qa5 10. b3 c5 11. Be3 Bb7 12. Nd2 cxd4 13. Bxd4 Be7 14. f3 O-O 15.
Rc1 Rfc8 16. Nc4 Qd8 17. Be2 Bc6 18. Nab2 Bb5 19. O-O Nc5 20. Qe3 Qf8 21. Rc2
Rd8 22. Rd1 Rac8 {#} 23. Kh1 $1 {A sensible prophylactic measure. It avoids
tactics based on Rxd4 followed by knight-does-something-nasty and then Bc5,
when things could get ugly.} a6 24. Rdc1 Nfd7 25. Qf2 Nb7 26. Rd1 Nf6 27. Rcd2
h6 28. Qf1 Nd7 29. e5 Qe8 30. Be3 Nb8 {#} 31. Nd6 $1 {Although clearly
desirable, Tania still had to be sure this wasnt going to simply condemn her
pawn to a quick death. As the adage goes, "pawns go forward, but never back."}
Nxd6 32. exd6 Bf6 33. Bb6 Bxe2 34. Qxe2 Rd7 35. Nc4 {Looks like Black will
have to give up the exchange to rid himself of that giant thorn on d6.} Rb7 36.
Qe4 Qd7 37. Bc7 Rbxc7 38. dxc7 Qxc7 39. Nd6 Bc3 {#} 40. Nxc8 $1 {Well
calculated!} Bxd2 41. Ne7+ Kf8 {#Black thinks he will get the piece since the
knight is seemingly trapped and the bishop on d2 cannot be captured due to the
back rank mate, but Sachdev shows she has calculated this to perfection.} 42.
Qd4 Bf4 (42... Bc3 {doesn't work either.} 43. Qd8+ Qxd8 44. Rxd8+ Kxe7 45. Rxb8
) 43. Nc8 Nc6 (43... Qxc8 44. Qxb4+ Ke8 45. Qxf4) 44. Qc5+ Ke8 45. Nd6+ Bxd6
46. Rxd6 1-0

[Event "Candidates Tournament"]
[Site "Moscow"]
[Date "2016.03.20"]
[Round "8"]
[White "Aronian, Levon"]
[Black "Giri, Anish"]
[Result "1/2-1/2"]
[WhiteElo "2786"]
[BlackElo "2793"]
[Annotator "CB"]
[PlyCount "84"]
[EventDate "2016.03.11"]
[EventType "tourn"]
[EventRounds "14"]
[EventCountry "RUS"]
[EventCategory "22"]
[SourceTitle "CBM 172"]
[Source "ChessBase"]
[SourceDate "2016.05.12"]
[SourceVersion "1"]
[SourceVersionDate "2016.05.12"]
[SourceQuality "1"]

1. Nf3 d5 2. d4 Nf6 3. c4 c6 4. Nc3 e6 5. Bg5 h6 6. Bxf6 Qxf6 7. Qb3 dxc4 8.
Qxc4 Nd7 9. e3 g6 10. Ne4 Qe7 11. Ne5 Qb4+ 12. Qxb4 Bxb4+ 13. Ke2 Be7 14. f3 {
Im 14. Zug weicht Aronian von der unlängst zwischen beiden Partnern in
Zürich gespielten Partie ab. Alles in allem ist hier kein Kampfgeist
erkennbar - bei beiden nicht!} (14. f4 b6 15. Kf2 Bb7 16. Rd1 Rd8 17. Be2 O-O
18. Bf3 c5 19. Ng3 Nxe5 20. dxe5 Ba6 21. Ne4 Bd3 22. Nf6+ Kg7 23. Nd5 exd5 24.
Rxd3 d4 25. exd4 Rxd4 26. Rxd4 cxd4 27. Ke2 f6 28. Kd3 fxe5 29. fxe5 Rc8 30.
Rd1 Bg5 31. Ke4 Be3 32. Rd3 Kf7 33. Ra3 Rc7 34. Be2 Ke7 35. Ra4 Bc1 36. Rxd4
Bxb2 37. Rc4 {1/2-1/2 (37) Aronian,L (2792)-Giri,A (2798) Zuerich 2016}) 14...
Rg8 15. Rc1 f5 16. Nxd7 Kxd7 17. Nd2 b6 18. Kf2 Bb7 19. h4 Rac8 20. f4 {
Diagramm [#] Die Stellung ist vollkommen ausgeglichen, doch Schwarz hat
immerhin noch das Läuferpaar und die eine oder andere Hebelmöglichkeit - er
könnte den Anziehenden noch ein wenig ärgern.} Bf6 21. b4 Rg7 22. Be2 g5 23.
hxg5 hxg5 24. fxg5 (24. Rh6 Ke7 25. g3 {war ebenfalls gut.}) 24... Bxg5 25. Bf3
Ba6 26. Nc4 Bxc4 27. Rxc4 f4 28. e4 Be7 29. a3 e5 {Diagramm [#] Dies kann
jetzt eigentlich nur noch eines werden: Giris achtes Remis in der achten
Partie.} 30. dxe5 Ke6 31. Ke2 Kxe5 32. Rh5+ Bg5 33. Bg4 Rd8 34. Rxc6 Kxe4 35.
Re6+ Kd4 36. Rh3 Kc4 37. Re5 Kd4 38. Re6 Kc4 39. Bf5 Re7 40. Rxe7 Bxe7 41. Rh7
Bd6 42. Rxa7 Re8+ 1/2-1/2

[Event "Snowdrops-Old Hands"]
[Site "Podebrady"]
[Date "2013.12.05"]
[Round "5.1"]
[White "Dorfman, Josif D"]
[Black "Ziaziulkina, Nastassia"]
[Result "1/2-1/2"]
[WhiteElo "2580"]
[BlackElo "2350"]
[Annotator "CB"]
[PlyCount "56"]
[EventDate "2013.11.30"]
[EventType "schev"]
[EventRounds "8"]
[EventCountry "CZE"]
[SourceTitle "CBM 157 Extra"]
[Source "ChessBase"]
[SourceDate "2013.12.19"]
[SourceVersion "1"]
[SourceVersionDate "2013.12.19"]
[SourceQuality "1"]
[WhiteTeam "Old Hands"]
[BlackTeam "Snowdrops"]
[WhiteClock "0:10:41"]
[BlackClock "0:16:26"]

1. c4 c6 2. d4 d5 3. Nf3 Nf6 4. Nc3 e6 5. Bg5 h6 6. Bh4 dxc4 7. e4 g5 8. Bg3 b5
9. h4 $5 {This probably came as a surprise for Black.} (9. Be2 {is the main
move in this position.}) 9... g4 10. Ne5 Bb7 11. Nxg4 Nxg4 12. Qxg4 Qxd4 13.
Rd1 Qf6 14. e5 Qf5 15. Qd4 Be7 16. h5 c5 17. Qd2 Bc6 18. Be2 Qg5 19. Qc2 Nd7
20. Ne4 Qf5 21. Nd6+ Bxd6 22. Qxf5 exf5 23. Rxd6 Bb7 ({Black should have taken
the pawn.} 23... Bxg2) 24. Bh4 Nf8 25. a4 (25. b3 $1 {This move, proposed by
Petr Boleslav during the analysis of GM Ján Plachetka, gives White a
substantial advantage.}) 25... a6 26. Rb6 Bd5 27. Rd6 Bb7 28. Rb6 {White has a
better position, but the game is essentially drawn.} Bd5 1/2-1/2